| 000 | 01188nam a22002777a 4500 | ||
|---|---|---|---|
| 003 | OSt | ||
| 005 | 20230214113834.0 | ||
| 007 | cr ||||||a|c|a | ||
| 008 | 230208s2021 mx a|||fom||| 001 0 spa d | ||
| 040 | _erda | ||
| 100 | 1 |
_9186087 _aSilva Acosta, Gabriel Ernesto |
|
| 245 | 1 |
_aHíbridos de jitomate sometidos a periodos de alta densidad de población en condiciones de invernadero / _cpor Gabriel Ernesto Silva Acosta; Felipe Sánchez del Castillo. |
|
| 264 | 1 |
_aChapingo, México : _bEl autor, _c2021. |
|
| 300 |
_a1 recurso en línea (86 páginas). _bcuadros, figuras. |
||
| 336 |
_2rdacontent _atexto _btxt |
||
| 337 |
_2rdamedia _acomputadora _bc |
||
| 338 |
_2rdacarrier _arecurso en línea _bcr |
||
| 502 |
_bMCH _cFitotecnia _d2021. _gMAE |
||
| 504 | _aIncluye referencias bibliográficas: páginas64-72. | ||
| 650 | 4 |
_9113732 _aTomate _xHíbridos |
|
| 650 | 4 |
_9113704 _aTomate _xCultivos en invernadero |
|
| 650 | 4 |
_9113761 _aTomate _xRendimiento |
|
| 700 | 1 |
_9107463 _aSánchez del Castillo, Felipe _eDirector de tesis. |
|
| 856 |
_uhttp://10.13.5.2/tesis/tm/2021_FI_Silva_Acosta_GabrielErnesto.pdf _zDESCARGAR PDF |
||
| 942 |
_2Clasificación Universidad Autónoma Chapingo _cTD |
||
| 999 |
_c218307 _d218307 |
||